[Event "Titled Tuesday intern op 01st Nov Early"]
[Site "Chess.com INT"]
[Date "2022.11.01"]
[Round "4"]
[White "Ilkhomi, Jaloliddin"]
[Black "Toelly, Michael"]
[Result "1-0"]
[WhiteElo "2145"]
[BlackElo "2088"]
[PlyCount "61"]
[EventDate "2022.11.01"]
[EventType "swiss (blitz)"]
[EventRounds "11"]
[EventCountry "USA"]
[SourceTitle "EXT 2024"]
[Source "ChessBase"]
[SourceDate "2023.10.10"]
[SourceVersion "1"]
[SourceVersionDate "2023.10.10"]
[SourceQuality "1"]

1. d4 e6 2. Nf3 Nf6 3. Bf4 d5 4. e3 b6 5. Nbd2 Bb7 6. Bd3 Bd6 7. Ne5 Nbd7 8. Qf3 Qe7 9. c3 h6 10. h4 c5 11. a4 c4 12. Bc2 0-0 13. g4 Ne8 14. g5 f6 15. Ng6 Qf7 16. Nxf8 Qxf8 17. gxh6 gxh6 18. Rg1+ Kh8 19. Bxd6 Nxd6 20. 0-0-0 a6 21. Rg6 e5 22. Qh5 Nf7 23. dxe5 fxe5 24. Nxc4 e4 25. Nd6 Nde5 26. Nxf7+ Nxf7 27. Rdg1 Qe7 28. Rxh6+ Nxh6 29. Qxh6+ Qh7 30. Qf6+ Qg7 31. Qxg7# 1-0

[Event "Titled Tuesday intern op 01st Nov Early"]
[Site "Chess.com INT"]
[Date "2022.11.01"]
[Round "7"]
[White "Kanyamarala, Trisha"]
[Black "Toelly, Michael"]
[Result "1-0"]
[WhiteElo "2163"]
[BlackElo "2088"]
[PlyCount "41"]
[EventDate "2022.11.01"]
[EventType "swiss (blitz)"]
[EventRounds "11"]
[EventCountry "USA"]
[SourceTitle "EXT 2024"]
[Source "ChessBase"]
[SourceDate "2023.10.10"]
[SourceVersion "1"]
[SourceVersionDate "2023.10.10"]
[SourceQuality "1"]

1. c4 e6 2. Nc3 Nf6 3. e4 d5 4. e5 Nfd7 5. d4 c5 6. cxd5 cxd4 7. dxe6 dxc3 8. exf7+ Kxf7 9. e6+ Kxe6 10. Bc4+ Ke7 11. Qe2+ Ne5 12. Qxe5+ Kd7 13. Bg5 Qb6 14. 0-0-0+ Bd6 15. Qxg7+ Kc6 16. Bd5+ Kb5 17. Qxh8 Qxf2 18. Qxc3 Nc6 19. Qb3+ Ka6 20. Bc4+ Ka5 21. Qb5# 1-0

[Event "AUT-chT2M 1718"]
[Site "Austria"]
[Date "2018.02.11"]
[Round "9.6"]
[White "Hiermann, Dietmar"]
[Black "Toelly, Michael"]
[Result "1-0"]
[WhiteElo "2255"]
[BlackElo "2155"]
[PlyCount "109"]
[EventDate "2017.10.27"]
[EventType "team-tourn"]
[EventRounds "11"]
[EventCountry "AUT"]
[SourceTitle "EXT 2019"]
[Source "ChessBase"]
[SourceDate "2018.10.10"]
[SourceVersion "1"]
[SourceVersionDate "2018.10.10"]
[SourceQuality "1"]
[WhiteTeam "Sauwald"]
[BlackTeam "Fuerstenfeld/Hartberg"]
[WhiteTeamCountry "AUT"]
[BlackTeamCountry "AUT"]

1. e4 e5 2. Nf3 Nc6 3. Nc3 Nf6 4. d4 exd4 5. Nxd4 Bb4 6. Nxc6 bxc6 7. Bd3 0-0 8. 0-0 Re8 9. Bg5 h6 10. Bh4 Rb8 11. f4 Be7 12. Bf2 a5 13. e5 Nd5 14. Qf3 Nb4 15. Bc4 d5 16. exd6 cxd6 17. a3 Na6 18. Qxc6 Bb7 19. Qa4 Qc8 20. Bd5 Nc5 21. Qc4 Qf5 22. Rfe1 Ba6 23. Qa2 Qxf4 24. Bc6 Bc4 25. b3 Be6 26. Ne2 Qg5 27. Bxe8 Rxe8 28. Ng3 a4 29. Be3 Qg4 30. Bxc5 dxc5 31. Re4 Qg5 32. c4 Rd8 33. bxa4 Rd2 34. Qb3 Bd6 35. Rd1 Bd7 36. Rxd2 Qxd2 37. Qe3 Qd1+ 38. Qe1 Qxa4 39. Qd2 Bf8 40. Qd3 g6 41. h3 Be6 42. Rxe6 fxe6 43. Qxg6+ Kh8 44. Qxe6 Qxa3 45. Kh2 Qa7 46. h4 Qc7 47. Kh3 Qf4 48. Qf5 Qd6 49. Nh5 Be7 50. Nf4 Bf6 51. g3 Bb2 52. Qe6 Qd1 53. Qxh6+ Kg8 54. Qe6+ Kg7 55. Qg4+ 1-0

[Event "Steyr Landesliga 1718"]
[Site "Austria"]
[Date "2018.01.20"]
[Round "7.6"]
[White "Teuschler, Hugo"]
[Black "Toelly, Michael"]
[Result "1/2-1/2"]
[WhiteElo "2094"]
[BlackElo "2180"]
[PlyCount "126"]
[EventDate "2017.09.30"]
[EventType "team-tourn"]
[EventRounds "11"]
[EventCountry "AUT"]
[SourceTitle "EXT 2019"]
[Source "ChessBase"]
[SourceDate "2018.10.10"]
[SourceVersion "1"]
[SourceVersionDate "2018.10.10"]
[SourceQuality "1"]
[WhiteTeam "Frauental Strassenbahn"]
[BlackTeam "Fuerstenfeld/Hartberg II"]
[WhiteTeamCountry "AUT"]
[BlackTeamCountry "AUT"]

1. e4 e5 2. Nf3 Nc6 3. Bc4 Bc5 4. 0-0 Nf6 5. d4 Bxd4 6. Nxd4 Nxd4 7. f4 d6 8. fxe5 dxe5 9. Bg5 Qe7 10. Na3 Bd7 11. Qe1 Ne6 12. Bxe6 Qxe6 13. Bxf6 gxf6 14. Qf2 0-0-0 15. Qxa7 Bc6 16. Rad1 b6 17. Qa6+ Bb7 18. Qe2 Qxa2 19. c3 Rxd1 20. Rxd1 Rg8 21. Rf1 Qe6 22. Qf3 f5 23. Qxf5 Qxf5 24. Rxf5 Bxe4 25. Rxe5 Rxg2+ 26. Kf1 Bb7 27. Re2 Rg5 28. Kf2 Kd7 29. Rd2+ Ke6 30. Nc2 Rg2+ 31. Ke3 Rxd2 32. Kxd2 Ke5 33. Ke3 c5 34. Na3 Bd5 35. Nc2 f5 36. b4 f4+ 37. Kf2 Be4 38. Na3 cxb4 39. Nc4+ Kd5 40. Nxb6+ Kd6 41. cxb4 Kc6 42. Na4 Bh1 43. Nc3 Kb6 44. h4 Bc6 45. Ne2 f3 46. Nd4 Bd5 47. Ke3 Ka6 48. Nxf3 Kb5 49. Ne5 Kxb4 50. Kf4 Kc5 51. Kg5 Kd6 52. Kh6 Be4 53. Nf7+ Kd7 54. Kg7 Ke7 55. Ng5 Bb1 56. h5 Ke8 57. h6 Ke7 58. Nf3 Bc2 59. Ng5 Bb1 60. Nxh7 Bxh7 61. Kxh7 Kf7 62. Kh8 Kg6 63. h7 Kf7 1/2-1/2

[Event "AUT-ch"]
[Site "Graz"]
[Date "2017.08.16"]
[Round "5"]
[White "Toelly, Michael"]
[Black "Wagner, Leopold Franziskus"]
[Result "1/2-1/2"]
[WhiteElo "2156"]
[BlackElo "2019"]
[PlyCount "65"]
[EventDate "2017.08.12"]
[EventType "swiss"]
[EventRounds "9"]
[EventCountry "AUT"]
[SourceTitle "CBM 180 Extra"]
[Source "ChessBase"]
[SourceDate "2017.10.06"]
[SourceVersion "1"]
[SourceVersionDate "2017.10.06"]
[SourceQuality "1"]

1. c4 e5 2. g3 Nf6 3. Bg2 d6 4. Nc3 g6 5. e3 Bg7 6. Nge2 0-0 7. 0-0 c6 8. b3 Be6 9. Ba3 Re8 10. Rc1 d5 11. cxd5 Nxd5 12. Ne4 f5 13. Nc5 Bc8 14. d4 e4 15. Nc3 Nxc3 16. Rxc3 b6 17. Na4 Bb7 18. Rc1 Nd7 19. Qd2 Nf6 20. Rfd1 Nd5 21. Bf1 Kh8 22. Be2 Qd7 23. Rc2 Rad8 24. Qe1 g5 25. Nc3 f4 26. Nxd5 cxd5 27. Rdc1 Rc8 28. Qd1 f3 29. Bf1 Bf6 30. Rxc8 Rxc8 31. Rxc8+ Qxc8 32. Qd2 a5 33. Qc1 1/2-1/2

[Event "AUT-ch U18"]
[Site "St Veit"]
[Date "2017.04.12"]
[Round "6"]
[White "Toelly, Michael"]
[Black "Gelbenegger, Patrick"]
[Result "1-0"]
[WhiteElo "2244"]
[BlackElo "2055"]
[PlyCount "107"]
[EventDate "2017.04.09"]
[EventType "swiss"]
[EventRounds "7"]
[EventCountry "AUT"]
[SourceTitle "CBM 178 Extra"]
[Source "ChessBase"]
[SourceDate "2017.06.22"]
[SourceVersion "1"]
[SourceVersionDate "2017.06.22"]
[SourceQuality "1"]

1. c4 e6 2. g3 d5 3. b3 Nf6 4. Nf3 Nbd7 5. Bg2 b6 6. 0-0 Bb7 7. d3 Bd6 8. Bb2 0-0 9. e3 c5 10. Qe2 Qc7 11. Ne1 a6 12. f4 Rfe8 13. g4 h6 14. h4 dxc4 15. bxc4 e5 16. g5 hxg5 17. fxg5 Nh7 18. Nc3 Bxg2 19. Nxg2 Qc6 20. a4 Ndf8 21. Qh5 Ra7 22. Nd5 e4 23. Rf5 exd3 24. Raf1 Ng6 25. Bxg7 Kxg7 26. Qh6+ Kg8 27. Rxf7 Rxf7 28. Rxf7 Kxf7 29. Qxh7+ Ke6 30. Qxg6+ Kd7 31. Qxd3 Kd8 32. Nf6 Re6 33. Nf4 Re7 34. g6 Kc8 35. N4d5 Rg7 36. h5 Bf8 37. h6 Rb7 38. Qf5+ Kb8 39. Nd7+ Rxd7 40. Qxf8+ Ka7 41. Qf6 Rd6 42. Qe7+ Rd7 43. Qg5 Qxa4 44. g7 Qd1+ 45. Kg2 Qe2+ 46. Kg3 Rf7 47. Nf6 Qe1+ 48. Kg4 Qe2+ 49. Kf5 Qd3+ 50. e4 Qf3+ 51. Kg6 Rxf6+ 52. Qxf6 Qxe4+ 53. Kf7 Qxc4+ 54. Kf8 1-0

[Event "AUT-ch U18"]
[Site "St Veit"]
[Date "2017.04.10"]
[Round "3"]
[White "Toelly, Michael"]
[Black "Koelber, Daniel"]
[Result "0-1"]
[WhiteElo "2244"]
[BlackElo "2009"]
[PlyCount "90"]
[EventDate "2017.04.09"]
[EventType "swiss"]
[EventRounds "7"]
[EventCountry "AUT"]
[SourceTitle "CBM 178 Extra"]
[Source "ChessBase"]
[SourceDate "2017.06.22"]
[SourceVersion "1"]
[SourceVersionDate "2017.06.22"]
[SourceQuality "1"]

1. e4 c5 2. Nf3 d6 3. d4 cxd4 4. Nxd4 Nf6 5. Nc3 a6 6. f3 e6 7. Be3 b5 8. Qd2 Nbd7 9. g4 b4 10. Nce2 h6 11. 0-0-0 Qc7 12. h4 d5 13. Bf4 e5 14. Bh2 dxe4 15. g5 hxg5 16. hxg5 Rxh2 17. Rxh2 exd4 18. Rh8 Nd5 19. Qxd4 Bb7 20. fxe4 Ne7 21. Bh3 Nc5 22. Bf5 b3 23. Qc4 bxa2 24. Qxa2 Bxe4 25. Bxe4 Nxe4 26. Nd4 Qf4+ 27. Kb1 Nd2+ 28. Ka1 Qxd4 29. Rxd2 Qg1+ 30. Qb1 Qxb1+ 31. Kxb1 Ng6 32. Rh7 Rd8 33. Re2+ Kd7 34. Ka2 Rb8 35. c4 Rb4 36. b3 a5 37. Rh1 a4 38. bxa4 Rxc4 39. Rf1 Rxa4+ 40. Kb3 Rf4 41. Rxf4 Nxf4 42. Re4 Bd6 43. Kc4 Ne6 44. Rg4 g6 45. Kd3 Be7 0-1

[Event "AUT-ch U18"]
[Site "St Veit"]
[Date "2017.04.09"]
[Round "2"]
[White "Atzl, Florian"]
[Black "Toelly, Michael"]
[Result "1/2-1/2"]
[WhiteElo "2026"]
[BlackElo "2244"]
[PlyCount "85"]
[EventDate "2017.04.09"]
[EventType "swiss"]
[EventRounds "7"]
[EventCountry "AUT"]
[SourceTitle "CBM 178 Extra"]
[Source "ChessBase"]
[SourceDate "2017.06.22"]
[SourceVersion "1"]
[SourceVersionDate "2017.06.22"]
[SourceQuality "1"]

1. e4 e5 2. Nf3 Nc6 3. Bc4 Bc5 4. 0-0 Nf6 5. d3 0-0 6. c3 a6 7. a4 Ba7 8. Re1 d6 9. h3 h6 10. Bb3 Ne7 11. Nbd2 Ng6 12. Nf1 Be6 13. Bc2 c6 14. Ng3 Qd7 15. d4 Rad8 16. Nf5 Kh7 17. g4 Bb8 18. Be3 Qc7 19. Qc1 Bxf5 20. exf5 Ne7 21. Nh2 Ned5 22. dxe5 dxe5 23. Bc5 Rfe8 24. a5 e4 25. Nf1 Rd7 26. c4 Nf4 27. Qe3 Nd3 28. Bb6 Qe5 29. Bxd3 exd3 30. Qxe5 Rxe5 31. Be3 Bd6 32. Nd2 Bb4 33. Nf3 Rxa5 34. Rxa5 Bxa5 35. Rd1 d2 36. Kf1 Ne4 37. Ke2 Bc3 38. Nxd2 Bxd2 39. Bxd2 Nxd2 40. Rxd2 Re7+ 41. Kd3 g6 42. fxg6+ Kxg6 43. Kc3 1/2-1/2

[Event "Leitersdorf Region-ch"]
[Site "Leitersdorf"]
[Date "2017.01.07"]
[Round "4.7"]
[White "Sackl, Ernst"]
[Black "Toelly, Michael"]
[Result "0-1"]
[WhiteElo "1726"]
[BlackElo "2177"]
[PlyCount "46"]
[EventDate "2017.01.04"]
[EventType "swiss"]
[EventRounds "5"]
[EventCountry "AUT"]
[SourceTitle "EXT 2024"]
[Source "ChessBase"]
[SourceDate "2023.10.10"]
[SourceVersion "1"]
[SourceVersionDate "2023.10.10"]
[SourceQuality "1"]

1. e4 e5 2. Bc4 Nf6 3. d3 Nc6 4. Nf3 Bc5 5. c3 a6 6. d4 exd4 7. e5 d5 8. cxd4 Bb4+ 9. Nc3 Ne4 10. Bd3 Nxc3 11. bxc3 Bxc3+ 12. Bd2 Bxa1 13. Qxa1 Bg4 14. h3 Bxf3 15. gxf3 Qh4 16. Be3 0-0 17. f4 f6 18. Rg1 fxe5 19. fxe5 Rf3 20. Ke2 Raf8 21. Rg2 Kh8 22. Qg1 Nxd4+ 23. Kd2 Rxe3 0-1

[Event "Steyr Landesliga 1617"]
[Site "Austria"]
[Date "2016.11.26"]
[Round "5.7"]
[White "Toelly, Michael"]
[Black "Steiner, Peter"]
[Result "1-0"]
[WhiteElo "2064"]
[BlackElo "1941"]
[PlyCount "43"]
[EventDate "2016.10.01"]
[EventType "team-tourn"]
[EventRounds "11"]
[EventCountry "AUT"]
[SourceTitle "EXT 2018"]
[Source "ChessBase"]
[SourceDate "2017.10.13"]
[SourceVersion "1"]
[SourceVersionDate "2017.10.13"]
[SourceQuality "1"]
[WhiteTeam "Fuerstenfeld/Hartberg"]
[BlackTeam "Pinggau Friedberg"]
[WhiteTeamCountry "AUT"]
[BlackTeamCountry "AUT"]

1. e4 d6 2. d4 Nf6 3. Nc3 Nbd7 4. Be3 e5 5. Bc4 Be7 6. f3 c6 7. a4 a5 8. Nge2 Qc7 9. Qd2 0-0 10. Ng3 Rd8 11. Nf5 Bf8 12. g4 Nb6 13. Ba2 Be6 14. Bg5 Bxa2 15. Bxf6 gxf6 16. Rxa2 d5 17. g5 Nc4 18. Qg2 Bb4 19. gxf6+ Kf8 20. Rg1 Ke8 21. Ng7+ Kf8 22. Ne6+ 1-0

[Event "AUT-ch"]
[Site "St Johann im Pongau"]
[Date "2016.07.28"]
[Round "6"]
[White "Toelly, Michael"]
[Black "Halvax, Georg"]
[Result "0-1"]
[WhiteElo "2132"]
[BlackElo "2360"]
[PlyCount "110"]
[EventDate "2016.07.23"]
[EventType "swiss"]
[EventRounds "9"]
[EventCountry "AUT"]
[SourceTitle "CBM 173 Extra"]
[Source "ChessBase"]
[SourceDate "2016.08.29"]
[SourceVersion "1"]
[SourceVersionDate "2016.08.29"]
[SourceQuality "1"]

1. e4 d6 2. d4 Nf6 3. Nc3 e5 4. Nf3 Nbd7 5. Be2 Be7 6. 0-0 0-0 7. Re1 c6 8. b3 b5 9. Bd3 Re8 10. Bb2 Bf8 11. Ne2 Nh5 12. Qd2 g6 13. Rad1 Bg7 14. Ng3 Nf4 15. Bf1 Qf6 16. Kh1 h5 17. dxe5 Nxe5 18. Nxe5 dxe5 19. f3 Be6 20. Qc3 Rac8 21. Ne2 Nxe2 22. Bxe2 Qe7 23. Qa5 Qc5 24. Bc1 h4 25. h3 Bf6 26. Bd3 Bd8 27. Qd2 g5 28. Qe2 f6 29. f4 exf4 30. e5 f5 31. Qh5 Bf7 32. Qe2 Ba5 33. Bxf5 Bxe1 34. Qg4 Qxe5 35. Qxg5+ Qg7 36. Qxg7+ Kxg7 37. Bxc8 Bh5 38. Bd7 Re7 39. Bb2+ Kf7 40. Bg4 Bxg4 41. hxg4 Bg3 42. Kg1 Re2 43. Rc1 Kg6 44. Kf1 Rf2+ 45. Kg1 Kg5 46. Bd4 Rd2 47. Bxa7 Kxg4 48. a4 bxa4 49. bxa4 h3 50. gxh3+ Kxh3 51. a5 f3 52. a6 Rh2 53. Rf1 Rg2+ 54. Kh1 f2 55. Bxf2 Bxf2 0-1